Principy strategického chování

Saved in:
Bibliographic Details
Main Author: Mareš, Milan
Corporate Author: Univerzita Karlova v Praze
Format: Book
Language:Czech
Published: Praha Nakladatelství Karolinum 2003
Subjects:
Tags: Add Tag
No Tags, Be the first to tag this record!

MARC

LEADER 00000nam$a2200000$$$4500
001 0002371
005 20240226134257.2
020 |a 80-246-0616-X 
041 0 |a cze 
044 |a CZ 
245 1 0 |a Principy strategického chování  |c Milan Mareš 
264 1 |a Praha  |b Nakladatelství Karolinum  |c 2003 
300 |a 120 s. 
610 2 0 |a teória hier 
610 2 0 |a teória rozhodovania 
610 2 0 |a teória úžitku 
610 2 0 |a úžitok 
610 2 0 |a rozhodovanie 
610 2 0 |a hry ekonomické 
100 1 |a Mareš, Milan 
710 2 |a Univerzita Karlova v Praze